[Event "ÎÏÅÍ-ÒÓÐÍÈÐ ÏÎÑÂßÙÅÍÍÛÉ 100-ËÅÒÈÞ È.Ë.ÈÒ"]
[Site "MOSCOW, Russia"]
[Date "2011.08.16"]
[Round "2"]
[White "Krylov, Sergey V"]
[Black "Sorokin, Adones"]
[Result "1/2-1/2"]
[WhiteElo "1553"]
[BlackElo "1926"]
[PlyCount "37"]
[EventDate "2011.??.??"]

1. Nf3 f5 2. g3 Nf6 3. Bg2 Nc6 4. c4 e5 5. d3 Bc5 6. O-O O-O 7. Nc3 d6 8. Bg5
Be6 9. Nd5 Bxd5 10. cxd5 Ne7 11. e4 Qd7 12. Bxf6 Rxf6 13. d4 exd4 14. Nxd4 fxe4
15. Bxe4 Re8 16. Qd3 g6 17. Ne6 Bb6 18. h4 c6 19. Qc3 1/2-1/2

[Event "ÎÏÅÍ-ÒÓÐÍÈÐ ÏÎÑÂßÙÅÍÍÛÉ 100-ËÅÒÈÞ È.Ë.ÈÒ"]
[Site "MOSCOW, Russia"]
[Date "2011.08.18"]
[Round "3"]
[White "Popov, Anton Yur"]
[Black "Kondratiev, Vissarion L"]
[Result "1/2-1/2"]
[WhiteElo "2106"]
[BlackElo "2173"]
[PlyCount "23"]
[EventDate "2011.??.??"]

1. e4 c5 2. Nf3 e6 3. d4 cxd4 4. Nxd4 Nf6 5. Nc3 Nc6 6. g3 d5 7. exd5 Nxd5 8.
Bg2 Nxc3 9. bxc3 Nxd4 10. Qxd4 Qxd4 11. cxd4 Bb4+ 12. Bd2 1/2-1/2

[Event "ÎÏÅÍ-ÒÓÐÍÈÐ ÏÎÑÂßÙÅÍÍÛÉ 100-ËÅÒÈÞ È.Ë.ÈÒ"]
[Site "MOSCOW, Russia"]
[Date "2011.08.18"]
[Round "3"]
[White "Yudkevich, Mikhail"]
[Black "Einor, Pavel"]
[Result "1-0"]
[WhiteElo "2160"]
[BlackElo "2088"]
[PlyCount "51"]
[EventDate "2011.??.??"]

1. d4 Nc6 2. Nf3 d6 3. e4 g6 4. h3 Nf6 5. Nc3 Bg7 6. Be3 e5 7. dxe5 Nxe5 8.
Nxe5 dxe5 9. Qxd8+ Kxd8 10. O-O-O+ Bd7 11. Bc4 Ke8 12. Nd5 Nxd5 13. Bxd5 Bc8
14. Rd2 Ke7 15. Rhd1 Rd8 16. Bc5+ Kf6 17. Bxb7 Rxd2 18. Bxa8 Rxd1+ 19. Kxd1 a6
20. Ke2 Kg5 21. Bd5 f5 22. Be7+ Kh5 23. Bd8 c5 24. Be7 c4 25. Bxc4 fxe4 26. Bd5
1-0

[Event "ÎÏÅÍ-ÒÓÐÍÈÐ ÏÎÑÂßÙÅÍÍÛÉ 100-ËÅÒÈÞ È.Ë.ÈÒ"]
[Site "MOSCOW, Russia"]
[Date "2011.08.18"]
[Round "3"]
[White "Andreev, Petr"]
[Black "Kovtunenko, Alexandr"]
[Result "0-1"]
[WhiteElo "2036"]
[BlackElo "2156"]
[PlyCount "56"]
[EventDate "2011.??.??"]

1. e4 e6 2. d3 d5 3. Nd2 c5 4. Ngf3 Nc6 5. g3 g6 6. Bg2 Bg7 7. O-O Nge7 8. Re1
O-O 9. e5 f6 10. exf6 Rxf6 11. Nf1 e5 12. Bg5 Rd6 13. c3 Bg4 14. h3 Be6 15. Qe2
Qd7 16. Kh2 Rd8 17. Rad1 h6 18. Bc1 g5 19. h4 Bg4 20. hxg5 hxg5 21. Bxg5 Bh6
22. Be3 c4 23. Qd2 Bg7 24. Ng5 Bxd1 25. Rxd1 d4 26. cxd4 Nxd4 27. Ne4 Qg4 28.
Bg5 Rh6+ 0-1

[Event "ÎÏÅÍ-ÒÓÐÍÈÐ ÏÎÑÂßÙÅÍÍÛÉ 100-ËÅÒÈÞ È.Ë.ÈÒ"]
[Site "MOSCOW, Russia"]
[Date "2011.08.18"]
[Round "3"]
[White "Gromadin, Gleb"]
[Black "Spichkin, Alexander"]
[Result "0-1"]
[WhiteElo "2113"]
[BlackElo "2216"]
[PlyCount "66"]
[EventDate "2011.??.??"]

1. c4 e5 2. Nc3 Nc6 3. g3 f5 4. Bg2 Nf6 5. e3 Bb4 6. Nge2 O-O 7. O-O d6 8. Nd5
Nxd5 9. Bxd5+ Kh8 10. a3 Ba5 11. Bxc6 bxc6 12. b4 Bb6 13. d4 f4 14. exf4 exd4
15. Nxd4 Qf6 16. Be3 c5 17. Nc6 Be6 18. bxc5 Bxc5 19. Bxc5 dxc5 20. Ne5 Rad8
21. Qa4 g5 22. Qxa7 gxf4 23. Qxc5 Bh3 24. Rfd1 Rd6 25. g4 Re8 26. Re1 Rde6 27.
f3 Rxe5 28. Rxe5 Rxe5 29. Qxc7 Re7 30. Qd8+ Kg7 31. Rd1 Re1+ 32. Kf2 Rf1+ 33.
Ke2 Qe5+ 0-1

[Event "ÎÏÅÍ-ÒÓÐÍÈÐ ÏÎÑÂßÙÅÍÍÛÉ 100-ËÅÒÈÞ È.Ë.ÈÒ"]
[Site "MOSCOW, Russia"]
[Date "2011.08.18"]
[Round "3"]
[White "Ljamin, Vladimir"]
[Black "Losev, Dmitry"]
[Result "1-0"]
[WhiteElo "2111"]
[BlackElo "2317"]
[PlyCount "30"]
[EventDate "2011.??.??"]

1. c4 g6 2. d4 Bg7 3. Nc3 d6 4. g3 Nc6 5. d5 Ne5 6. f4 Nd7 7. Nf3 Nc5 8. Be3
Nf6 9. Bxc5 dxc5 10. e4 O-O 11. Bg2 c6 12. O-O cxd5 13. exd5 Ne8 14. Qe2 Nd6
15. Nb5 Re8 1-0

[Event "ÎÏÅÍ-ÒÓÐÍÈÐ ÏÎÑÂßÙÅÍÍÛÉ 100-ËÅÒÈÞ È.Ë.ÈÒ"]
[Site "MOSCOW, Russia"]
[Date "2011.08.18"]
[Round "3"]
[White "Vul, Arkadi Eremeevich"]
[Black "Paster, Arkady M"]
[Result "1-0"]
[WhiteElo "2336"]
[BlackElo "2033"]
[PlyCount "95"]
[EventDate "2011.??.??"]

1. Nf3 Nf6 2. c4 c6 3. d4 g6 4. g3 Bg7 5. Bg2 O-O 6. O-O d6 7. Nc3 Nfd7 8. e4
c5 9. Be3 cxd4 10. Bxd4 f6 11. h3 Nc6 12. Be3 Nde5 13. Nxe5 fxe5 14. c5 Nd4 15.
cxd6 Qxd6 16. Rc1 Be6 17. Nd5 Bxd5 18. exd5 Rac8 19. Qd2 Rc7 20. Rxc7 Qxc7 21.
Qd3 Qd6 22. Be4 Rc8 23. h4 Qa6 24. Qxa6 bxa6 25. Kg2 Rb8 26. b3 Rc8 27. Rc1
Rxc1 28. Bxc1 Nb5 29. a4 Nd4 30. b4 Bf8 31. Bd2 e6 32. dxe6 Nxe6 33. Bd5 Kf7
34. Bc4 Kf6 35. Bxa6 Nd4 36. Bc4 h5 37. b5 Bc5 38. Bg5+ Kf5 39. a5 Ne6 40.
Bxe6+ Kxe6 41. Be3 Kd6 42. Kf3 Bd4 43. Bxd4 exd4 44. Ke4 Kc5 45. b6 axb6 46.
axb6 d3 47. Kxd3 Kxb6 48. Kd4 1-0

[Event "ÎÏÅÍ-ÒÓÐÍÈÐ ÏÎÑÂßÙÅÍÍÛÉ 100-ËÅÒÈÞ È.Ë.ÈÒ"]
[Site "MOSCOW, Russia"]
[Date "2011.08.18"]
[Round "3"]
[White "Bogumil, Pavel"]
[Black "Kurakulov, Sergey"]
[Result "1-0"]
[WhiteElo "2270"]
[BlackElo "2013"]
[PlyCount "53"]
[EventDate "2011.??.??"]

1. e4 d5 2. exd5 Qxd5 3. Nc3 Qd8 4. d4 Nf6 5. Nf3 Bf5 6. h3 h6 7. Bd3 Bxd3 8.
Qxd3 c6 9. Bd2 e6 10. O-O-O Be7 11. Kb1 b5 12. Ne5 Qb6 13. g4 a5 14. f4 Nbd7
15. Nxd7 Kxd7 16. f5 exf5 17. Qxf5+ Kc7 18. Bf4+ Kb7 19. d5 c5 20. d6 Bd8 21.
Be5 Qc6 22. Bxf6 gxf6 23. Ne4 c4 24. Rd5 Re8 25. Rhd1 Re6 26. Rxb5+ Bb6 27.
Nc5+ 1-0

[Event "ÎÏÅÍ-ÒÓÐÍÈÐ ÏÎÑÂßÙÅÍÍÛÉ 100-ËÅÒÈÞ È.Ë.ÈÒ"]
[Site "MOSCOW, Russia"]
[Date "2011.08.18"]
[Round "3"]
[White "Cherviakov, Valery"]
[Black "Martynov, Vladimir"]
[Result "0-1"]
[WhiteElo "1998"]
[BlackElo "2125"]
[PlyCount "75"]
[EventDate "2011.??.??"]

1. Nf3 g6 2. c4 Bg7 3. Nc3 e5 4. g3 Nc6 5. Bg2 d6 6. d3 f5 7. O-O Nf6 8. Rb1 a5
9. a3 O-O 10. b4 f4 11. b5 Nd4 12. Nxd4 exd4 13. Ne4 Nh5 14. Nd2 g5 15. e3 Qe8
16. exf4 gxf4 17. Bf3 Nf6 18. Nb3 fxg3 19. hxg3 d5 20. Bg5 dxc4 21. Bxf6 Bxf6
22. Bd5+ Kh8 23. dxc4 c6 24. Re1 Qg6 25. bxc6 bxc6 26. Be4 Qg7 27. Kg2 Be5 28.
Qd3 Bh3+ 29. Kg1 Rxf2 30. Kxf2 Rf8+ 31. Kg1 Bxg3 32. Re2 Rg8 33. Bg6 Qxg6 34.
Qxg6 Rxg6 35. Nxd4 Be5+ 36. Kh1 Bxd4 37. Rb8+ Kg7 38. Kh2 0-1

[Event "ÎÏÅÍ-ÒÓÐÍÈÐ ÏÎÑÂßÙÅÍÍÛÉ 100-ËÅÒÈÞ È.Ë.ÈÒ"]
[Site "MOSCOW, Russia"]
[Date "2011.08.18"]
[Round "3"]
[White "Pokhlebin, Sergej"]
[Black "Kuptsov, Anatoly"]
[Result "1/2-1/2"]
[WhiteElo "2104"]
[BlackElo "1972"]
[PlyCount "55"]
[EventDate "2011.??.??"]

1. e4 Nf6 2. e5 Nd5 3. d4 d6 4. Nf3 g6 5. Ng5 c6 6. Qf3 f6 7. exf6 exf6 8. Ne4
Bg7 9. c4 Nc7 10. Bf4 O-O 11. Nxd6 Ne6 12. Qe3 Nxf4 13. Qxf4 Bh6 14. Qxh6 Qxd6
15. Qd2 Rd8 16. Nc3 Qxd4 17. O-O-O Qxd2+ 18. Rxd2 Rxd2 19. Kxd2 f5 20. h4 Be6
21. h5 Kg7 22. b3 Nd7 23. Ne2 Re8 24. Kd3 Bf7 25. h6+ Kf6 26. f4 Nc5+ 27. Kc3
g5 28. g3 1/2-1/2

[Event "ÎÏÅÍ-ÒÓÐÍÈÐ ÏÎÑÂßÙÅÍÍÛÉ 100-ËÅÒÈÞ È.Ë.ÈÒ"]
[Site "MOSCOW, Russia"]
[Date "2011.08.18"]
[Round "3"]
[White "Guseinov, Djelal"]
[Black "Kashirsky, Eugeny D"]
[Result "1/2-1/2"]
[WhiteElo "2060"]
[BlackElo "1960"]
[PlyCount "82"]
[EventDate "2011.??.??"]

1. d4 e6 2. c4 f5 3. Nf3 d5 4. Nc3 c6 5. Bf4 Nf6 6. e3 Be7 7. Bd3 O-O 8. Qc2
Ne4 9. g4 Bb4 10. Rg1 Nd7 11. gxf5 exf5 12. Ke2 Bxc3 13. bxc3 Qa5 14. Rac1 Ndf6
15. Ne5 Qd8 16. cxd5 cxd5 17. f3 Nh5 18. fxe4 Nxf4+ 19. exf4 fxe4 20. Bxe4 dxe4
21. Qb3+ Kh8 22. Nf7+ Rxf7 23. Qxf7 g6 24. Rb1 b6 25. Ke3 Bf5 26. Rb5 Qh4 27.
Rd5 Qh3+ 28. Rg3 Qxh2 29. Qf6+ Kg8 30. Qg5 Qh1 31. Ke2 Rf8 32. Rg2 Be6 33. Rd8
Bc4+ 34. Kf2 Qf1+ 35. Kg3 Qf3+ 36. Kh2 e3 37. Rxf8+ Kxf8 38. Qd8+ Kg7 39. Qc7+
Bf7 40. Qe5+ Kg8 41. f5 Qh5+ 1/2-1/2

[Event "ÎÏÅÍ-ÒÓÐÍÈÐ ÏÎÑÂßÙÅÍÍÛÉ 100-ËÅÒÈÞ È.Ë.ÈÒ"]
[Site "MOSCOW, Russia"]
[Date "2011.08.18"]
[Round "3"]
[White "Avakian, Armen"]
[Black "Seleznev, Yury"]
[Result "0-1"]
[WhiteElo "1818"]
[BlackElo "2048"]
[PlyCount "160"]
[EventDate "2011.??.??"]

1. e4 c5 2. Nf3 Nc6 3. d4 cxd4 4. Nxd4 a6 5. Nc3 g6 6. Be3 Bg7 7. f3 Qb6 8. Nf5
Qxb2 9. Nxg7+ Kf8 10. Na4 Qxg7 11. Nb6 Rb8 12. Rb1 d6 13. Nxc8 Rxc8 14. Rxb7
Qc3+ 15. Bd2 Qa3 16. Qa1 Nf6 17. Qb2 Qxb2 18. Rxb2 Nb8 19. Bd3 Kg7 20. Ke2 Rc6
21. Rhb1 Nfd7 22. Be3 Rc7 23. Rb7 Rhc8 24. Rxc7 Rxc7 25. Kd2 Kf8 26. Rb3 Ke8
27. Ra3 Rc6 28. Ba7 Kd8 29. Rb3 Kc8 30. a3 Rc7 31. Bxb8 Nxb8 32. Rb6 Ra7 33. a4
Kc7 34. a5 h6 35. Kc3 g5 36. Kd2 f6 37. Ke3 Rb7 38. Bxa6 Ra7 39. Bd3 Rxa5 40.
Rb5 Ra1 41. Kf2 Nd7 42. Rb3 Nc5 43. Rc3 Kb6 44. Kg3 h5 45. Rc4 Rd1 46. Rb4+ Kc7
47. Bc4 Rd2 48. Bb3 e6 49. Rc4 f5 50. e5 f4+ 51. Kh3 Re2 52. exd6+ Kxd6 53.
Rd4+ Ke5 54. Rc4 Kd6 55. Rd4+ Ke7 56. Rc4 Re5 57. Rc3 Kf6 58. g3 g4+ 59. fxg4
Ne4 60. Rc8 Ng5+ 61. Kg2 f3+ 62. Kf2 hxg4 63. Ra8 Re2+ 64. Kg1 Nh3+ 65. Kf1
Rxh2 66. Ke1 Re2+ 67. Kf1 Re4 68. Ra1 e5 69. Bd5 Rd4 70. Bb7 e4 71. Re1 Ke5 72.
c3 Rc4 73. Re3 Ng5 74. Kf2 Ra4 75. Bc6 Ra2+ 76. Kf1 Ra1+ 77. Re1 Ra6 78. Bb5
Rd6 79. c4 Rd2 80. Ra1 e3 0-1

[Event "ÎÏÅÍ-ÒÓÐÍÈÐ ÏÎÑÂßÙÅÍÍÛÉ 100-ËÅÒÈÞ È.Ë.ÈÒ"]
[Site "MOSCOW, Russia"]
[Date "2011.08.18"]
[Round "3"]
[White "Grigoryeva, Olga A"]
[Black "Temirbieva, Liana"]
[Result "1-0"]
[WhiteElo "2083"]
[BlackElo "1764"]
[PlyCount "81"]
[EventDate "2011.??.??"]

1. d4 d5 2. c4 e6 3. Nc3 Nf6 4. Bg5 Be7 5. cxd5 exd5 6. e3 c6 7. Bd3 O-O 8. Qc2
Nbd7 9. Nge2 Re8 10. O-O h6 11. Bh4 Ne4 12. Bxe7 Qxe7 13. Bxe4 dxe4 14. d5 Qh4
15. dxc6 bxc6 16. Ng3 Nf6 17. Rfe1 Ng4 18. h3 Nf6 19. Rad1 Bb7 20. Nf5 Qg5 21.
Nd6 Bc8 22. Nxe8 Nxe8 23. Qxe4 Bxh3 24. f4 Qg3 25. Qf3 Qxf3 26. gxf3 Rb8 27. b3
Be6 28. Ne4 Bd5 29. Kf2 f5 30. Nc3 Be6 31. e4 Kf8 32. Rc1 c5 33. Na4 c4 34. Nc5
Nc7 35. exf5 Bxf5 36. Re5 Bc8 37. Rxc4 Ne8 38. Rd4 Nf6 39. Rd8+ Kf7 40. Ne4
Nxe4+ 41. fxe4 1-0

[Event "ÎÏÅÍ-ÒÓÐÍÈÐ ÏÎÑÂßÙÅÍÍÛÉ 100-ËÅÒÈÞ È.Ë.ÈÒ"]
[Site "MOSCOW, Russia"]
[Date "2011.08.18"]
[Round "3"]
[White "Shirman, Mikhail"]
[Black "Krylov, Sergey V"]
[Result "1-0"]
[WhiteElo "1965"]
[BlackElo "1553"]
[PlyCount "71"]
[EventDate "2011.??.??"]

1. c4 c5 2. Nc3 Nf6 3. Nf3 e6 4. d3 Be7 5. g3 b6 6. Bg2 Bb7 7. O-O O-O 8. Rb1
Nc6 9. a3 a6 10. e4 d6 11. b4 cxb4 12. axb4 Qc7 13. Ba3 Rfd8 14. Qb3 Ne5 15.
Rfe1 Ng6 16. Nd4 h5 17. Rec1 Rac8 18. Na4 Ba8 19. Rc3 Qb8 20. b5 a5 21. Nc6
Bxc6 22. bxc6 Rxc6 23. e5 dxe5 24. Bxc6 Bxa3 25. Qxa3 e4 26. Rxb6 Qe5 27. Qc5
Qd4 28. Qxd4 Rxd4 29. Nc5 exd3 30. Nxd3 h4 31. Ra6 hxg3 32. hxg3 Rg4 33. Rxa5
e5 34. Nxe5 Rg5 35. Ra8+ Kh7 36. Nxf7 1-0

[Event "ÎÏÅÍ-ÒÓÐÍÈÐ ÏÎÑÂßÙÅÍÍÛÉ 100-ËÅÒÈÞ È.Ë.ÈÒ"]
[Site "MOSCOW, Russia"]
[Date "2011.08.18"]
[Round "3"]
[White "Bocharnikov, Oleg"]
[Black "Bezhenar, Georgy"]
[Result "1/2-1/2"]
[WhiteElo "1877"]
[BlackElo "1924"]
[PlyCount "85"]
[EventDate "2011.??.??"]

1. Nf3 d5 2. d4 Nf6 3. c4 dxc4 4. e3 e6 5. Bxc4 c5 6. O-O a6 7. dxc5 Qxd1 8.
Rxd1 Bxc5 9. a3 b5 10. Be2 Bb7 11. b4 Be7 12. Bb2 Nbd7 13. Nbd2 O-O 14. Rac1
Rac8 15. Nb3 Bd5 16. Nbd4 Nb6 17. Ne5 Ne4 18. Ndc6 Bf6 19. Bd4 Na4 20. f3 Bxc6
21. Nxc6 Nec3 22. Bxc3 Nxc3 23. Rxc3 Bxc3 24. Ne7+ Kh8 25. Nxc8 Rxc8 26. Rc1
Rc7 27. f4 e5 28. Kf1 e4 29. Bg4 g6 30. f5 g5 31. f6 Kg8 32. Bf5 Rc6 33. Bxe4
Rxf6+ 34. Ke2 Bb2 35. Rc8+ Kg7 36. Rc6 Bxa3 37. Rxf6 Kxf6 38. Bb7 Bxb4 39. Bxa6
Bd6 40. Bxb5 Bxh2 41. Kf3 Bd6 42. g4 h6 43. Bc4 1/2-1/2

[Event "ÎÏÅÍ-ÒÓÐÍÈÐ ÏÎÑÂßÙÅÍÍÛÉ 100-ËÅÒÈÞ È.Ë.ÈÒ"]
[Site "MOSCOW, Russia"]
[Date "2011.08.18"]
[Round "3"]
[White "Sarana, Alexey"]
[Black "Raondi, Yan-Martin"]
[Result "1-0"]
[WhiteElo "1921"]
[BlackElo "1725"]
[PlyCount "78"]
[EventDate "2011.??.??"]

1. e4 e5 2. Nf3 Nf6 3. Nxe5 d6 4. Nf3 Nxe4 5. Nc3 Nxc3 6. dxc3 Be7 7. Bf4 Nc6
8. Qd2 Be6 9. O-O-O Qd7 10. Kb1 O-O-O 11. Nd4 a6 12. Bd3 Nxd4 13. cxd4 d5 14.
Qa5 Qc6 15. Rhe1 Bd6 16. Be5 Bxe5 17. dxe5 g6 18. f4 Qb6 19. Qxb6 cxb6 20. Rf1
Rd7 21. b3 b5 22. Rg1 h5 23. Rgf1 Kd8 24. Rg1 Kc7 25. g3 Kd8 26. Bf1 Kc7 27. h3
Kb6 28. Rd2 b4 29. Rf2 Rc7 30. g4 Rc3 31. f5 gxf5 32. gxf5 Bd7 33. Rg7 Be8 34.
e6 fxe6 35. f6 Rf8 36. f7 Bb5 37. Rg6 Re3 38. Bxb5 Kxb5 39. Rg8 Re1+ 1-0

[Event "ÎÏÅÍ-ÒÓÐÍÈÐ ÏÎÑÂßÙÅÍÍÛÉ 100-ËÅÒÈÞ È.Ë.ÈÒ"]
[Site "MOSCOW, Russia"]
[Date "2011.08.19"]
[Round "4"]
[White "Kovtunenko, Alexandr"]
[Black "Yudkevich, Mikhail"]
[Result "1/2-1/2"]
[WhiteElo "2156"]
[BlackElo "2160"]
[PlyCount "51"]
[EventDate "2011.??.??"]

1. e4 c5 2. Nf3 Nf6 3. e5 Nd5 4. d4 cxd4 5. c3 d6 6. cxd4 Nc6 7. Bc4 Nb6 8. Bd3
dxe5 9. dxe5 Bg4 10. O-O Qd7 11. Bb5 Qxd1 12. Rxd1 e6 13. Nc3 Nd7 14. Bf4 Bxf3
15. gxf3 Be7 16. Rd2 g5 17. Bg3 O-O-O 18. Rc1 Ndxe5 19. Rxd8+ Kxd8 20. Rd1+ Kc8
21. Kg2 Rg8 22. Rc1 Ng6 23. Ne4 Nf4+ 24. Bxf4 gxf4+ 25. Kf1 Kc7 26. Nd2 1/2-1/2

[Event "ÎÏÅÍ-ÒÓÐÍÈÐ ÏÎÑÂßÙÅÍÍÛÉ 100-ËÅÒÈÞ È.Ë.ÈÒ"]
[Site "MOSCOW, Russia"]
[Date "2011.08.19"]
[Round "4"]
[White "Spichkin, Alexander"]
[Black "Popov, Anton Yur"]
[Result "1-0"]
[WhiteElo "2216"]
[BlackElo "2106"]
[PlyCount "129"]
[EventDate "2011.??.??"]

1. d4 d5 2. Nf3 Nf6 3. Bg5 e6 4. Nc3 c5 5. e4 dxe4 6. Nxe4 Nbd7 7. dxc5 Bxc5 8.
Bxf6 gxf6 9. Nxc5 Qa5+ 10. Qd2 Qxd2+ 11. Nxd2 Nxc5 12. O-O-O Ke7 13. Be2 Bd7
14. Bf3 Rhc8 15. Nc4 Rc7 16. Rhe1 Bc6 17. Bxc6 Rxc6 18. Ne3 Kf8 19. Rd4 Rc7 20.
Red1 Ke7 21. Rc4 Na6 22. Rh4 Rh8 23. Rdd4 Nc5 24. Rc4 Na6 25. Rce4 Nc5 26. Rc4
Na6 27. Ra4 Rc6 28. Rh5 f5 29. f3 b5 30. Rah4 Nc5 31. Rxh7 Rxh7 32. Rxh7 Nd3+
33. Kb1 f4 34. Ng4 Ne1 35. Rxf7+ Kxf7 36. Ne5+ Kf6 37. Nxc6 a6 38. Kc1 Nxg2 39.
Kd2 Ne3 40. h4 Nf5 41. Kd3 Nxh4 42. Ke4 Nf5 43. Kxf4 Nd6 44. b3 Ne8 45. Ke4 Nc7
46. Kd4 Kf5 47. Kc5 Nd5 48. Nd4+ Ke5 49. Ne2 b4 50. Nd4 a5 51. Nc6+ Kf4 52.
Nxa5 Nc3 53. Kxb4 Nxa2+ 54. Kc4 Kxf3 55. Nc6 Ke3 56. b4 Kd2 57. b5 Nc3 58. b6
Ne4 59. Nd4 Nd6+ 60. Kc5 Nb7+ 61. Kc6 e5 62. Nf3+ Kxc2 63. Kxb7 e4 64. Ng1 Kd1
65. Kc6 1-0

[Event "ÎÏÅÍ-ÒÓÐÍÈÐ ÏÎÑÂßÙÅÍÍÛÉ 100-ËÅÒÈÞ È.Ë.ÈÒ"]
[Site "MOSCOW, Russia"]
[Date "2011.08.19"]
[Round "4"]
[White "Kondratiev, Vissarion L"]
[Black "Bogumil, Pavel"]
[Result "0-1"]
[WhiteElo "2173"]
[BlackElo "2270"]
[PlyCount "62"]
[EventDate "2011.??.??"]

1. e4 c6 2. d4 d5 3. f3 e6 4. Bd3 dxe4 5. fxe4 Qxd4 6. Nf3 Qb6 7. Nc3 Nd7 8.
Qe2 e5 9. Bc4 h6 10. Rf1 Ngf6 11. g4 Be7 12. g5 hxg5 13. Nxg5 Rf8 14. h4 Nc5
15. Qh2 Ng4 16. Qg3 Bxg5 17. Bxg5 Qxb2 18. Rd1 f6 19. Bd2 Qxc2 20. Qf3 b5 21.
Nxb5 cxb5 22. Bxb5+ Kf7 23. Rc1 Qxe4+ 24. Qxe4 Nxe4 25. Bb4 Be6 26. Rc7+ Kg8
27. Bxf8 Rxf8 28. Rxa7 Rc8 29. Rf3 Rc1+ 30. Ke2 Rc2+ 31. Kd3 Rd2+ 0-1

[Event "ÎÏÅÍ-ÒÓÐÍÈÐ ÏÎÑÂßÙÅÍÍÛÉ 100-ËÅÒÈÞ È.Ë.ÈÒ"]
[Site "MOSCOW, Russia"]
[Date "2011.08.19"]
[Round "4"]
[White "Einor, Pavel"]
[Black "Vul, Arkadi Eremeevich"]
[Result "1/2-1/2"]
[WhiteElo "2088"]
[BlackElo "2336"]
[PlyCount "33"]
[EventDate "2011.??.??"]

1. e4 e5 2. f4 d5 3. exd5 c6 4. Qe2 cxd5 5. fxe5 Nc6 6. Nf3 Bg4 7. Qf2 Bxf3 8.
Qxf3 Nxe5 9. Bb5+ Nc6 10. O-O Nf6 11. d4 a6 12. Bxc6+ bxc6 13. Bg5 Be7 14. Nc3
O-O 15. Rae1 Ra7 16. Qd3 Re8 17. Re2 1/2-1/2

[Event "ÎÏÅÍ-ÒÓÐÍÈÐ ÏÎÑÂßÙÅÍÍÛÉ 100-ËÅÒÈÞ È.Ë.ÈÒ"]
[Site "MOSCOW, Russia"]
[Date "2011.08.19"]
[Round "4"]
[White "Losev, Dmitry"]
[Black "Andreev, Petr"]
[Result "1-0"]
[WhiteElo "2317"]
[BlackElo "2036"]
[PlyCount "45"]
[EventDate "2011.??.??"]

1. e4 d6 2. d4 g6 3. Be3 Bg7 4. Qd2 c6 5. c4 Nd7 6. Nc3 e5 7. d5 c5 8. Bd3 Nb6
9. f4 exf4 10. Bxf4 Qe7 11. Nb5 Be5 12. Bxe5 Qxe5 13. Nc7+ Kf8 14. Nf3 Qe7 15.
Nxa8 Nxa8 16. O-O Kg7 17. b4 b6 18. a4 Nh6 19. a5 Nc7 20. axb6 axb6 21. Ra7 f5
22. bxc5 bxc5 23. Qa5 1-0

[Event "ÎÏÅÍ-ÒÓÐÍÈÐ ÏÎÑÂßÙÅÍÍÛÉ 100-ËÅÒÈÞ È.Ë.ÈÒ"]
[Site "MOSCOW, Russia"]
[Date "2011.08.16"]
[Round "4"]
[White "Seleznev, Yury"]
[Black "Trofimovsky, Alexander"]
[Result "1/2-1/2"]
[WhiteElo "2048"]
[BlackElo "2131"]
[PlyCount "91"]
[EventDate "2011.??.??"]

1. b4 e5 2. Bb2 Bxb4 3. Bxe5 Nf6 4. Nf3 O-O 5. g3 d5 6. Bg2 c5 7. O-O Nc6 8.
Bb2 Re8 9. d3 d4 10. c3 Ba5 11. cxd4 cxd4 12. Na3 Qe7 13. Nb5 Qxe2 14. Bxd4
Qxd1 15. Raxd1 Nxd4 16. Nfxd4 Bb6 17. Nb3 Bg4 18. Rd2 Re2 19. Nc3 Rxd2 20. Nxd2
Rc8 21. Nc4 Rd8 22. Nxb6 axb6 23. Ne4 Rxd3 24. Nxf6+ gxf6 25. Bxb7 Be6 26. a4
Bd7 27. Rb1 Bxa4 28. Rxb6 Rb3 29. Rxb3 Bxb3 30. f4 f5 31. Kf2 Kg7 32. Ke3 Kf6
33. Kd4 Ba2 34. Kc5 Ke7 35. Bc8 Bb1 36. Kd5 f6 37. Kc5 Bc2 38. Ba6 Bd1 39. Bc4
Bg4 40. Bg8 h6 41. Bc4 Bh3 42. Be2 Kd7 43. Bf3 Ke7 44. Bc6 Bf1 45. Ba4 Bh3 46.
Bb5 1/2-1/2

[Event "ÎÏÅÍ-ÒÓÐÍÈÐ ÏÎÑÂßÙÅÍÍÛÉ 100-ËÅÒÈÞ È.Ë.ÈÒ"]
[Site "MOSCOW, Russia"]
[Date "2011.08.19"]
[Round "4"]
[White "Martynov, Vladimir"]
[Black "Ljamin, Vladimir"]
[Result "1/2-1/2"]
[WhiteElo "2125"]
[BlackElo "2111"]
[PlyCount "73"]
[EventDate "2011.??.??"]

1. e4 c5 2. Nf3 d6 3. d4 cxd4 4. Nxd4 Nf6 5. Nc3 a6 6. g3 e5 7. Nb3 Bg4 8. f3
Be6 9. Nd5 Nxd5 10. exd5 Bf5 11. Be3 Nd7 12. g4 Bg6 13. h4 h6 14. h5 Bh7 15.
Bd3 Nf6 16. Bxh7 Nxh7 17. Qe2 Be7 18. O-O-O O-O 19. Kb1 Rc8 20. f4 exf4 21.
Bxf4 Bf6 22. Qh2 Re8 23. Bxd6 Re4 24. Rhf1 Rxg4 25. Be5 Rg5 26. Bxf6 Nxf6 27.
d6 Rxh5 28. Qf4 Qd7 29. c4 b6 30. Qd4 Rc6 31. Rxf6 gxf6 32. Qxf6 Rc8 33. Rg1+
Rg5 34. Rxg5+ hxg5 35. Qxg5+ Kh7 36. Qh5+ Kg8 37. Qg5+ 1/2-1/2

[Event "ÎÏÅÍ-ÒÓÐÍÈÐ ÏÎÑÂßÙÅÍÍÛÉ 100-ËÅÒÈÞ È.Ë.ÈÒ"]
[Site "MOSCOW, Russia"]
[Date "2011.08.19"]
[Round "4"]
[White "Kozlov, Vladimir N"]
[Black "Shirman, Mikhail"]
[Result "1-0"]
[WhiteElo "2310"]
[BlackElo "1965"]
[PlyCount "119"]
[EventDate "2011.??.??"]

1. c4 c5 2. Nc3 Nf6 3. g3 g6 4. Bg2 Bg7 5. a3 Nc6 6. Rb1 O-O 7. b4 d6 8. b5 Ne5
9. d3 Rb8 10. f4 Neg4 11. e4 Qa5 12. Bd2 Ne3 13. Nd5 Nxg2+ 14. Kf2 Qd8 15.
Nxf6+ Bxf6 16. Kxg2 b6 17. Nf3 Bg7 18. Qc2 Qc7 19. Bc3 e5 20. Qb2 f6 21. Rbf1
Bb7 22. Rf2 f5 23. Ng5 Rbe8 24. fxe5 dxe5 25. Re1 h6 26. Nf3 fxe4 27. dxe4 Rf7
28. Qe2 Ref8 29. Ref1 Qd6 30. Nd2 Rxf2+ 31. Rxf2 Rd8 32. h4 Qe6 33. Kh2 Bc8 34.
Qf3 Qh3+ 35. Kg1 Rf8 36. Qg2 Qxg2+ 37. Kxg2 Rd8 38. Re2 Rd3 39. Bb2 Bg4 40. Rf2
h5 41. Nf3 Re3 42. Ng5 Re2 43. Kf1 Rxf2+ 44. Kxf2 Bd1 45. Ke3 Bf6 46. Ne6 Kf7
47. Nc7 g5 48. hxg5 Bxg5+ 49. Kd3 Kf6 50. Na6 Bb3 51. Nb8 Ba2 52. Nc6 Bb1+ 53.
Ke2 Bxe4 54. Bxe5+ Ke6 55. Bb8 a6 56. Bc7 Bxc6 57. bxc6 b5 58. Kd3 Be7 59. Bf4
Bd6 60. c7 1-0

[Event "ÎÏÅÍ-ÒÓÐÍÈÐ ÏÎÑÂßÙÅÍÍÛÉ 100-ËÅÒÈÞ È.Ë.ÈÒ"]
[Site "MOSCOW, Russia"]
[Date "2011.08.19"]
[Round "4"]
[White "Kashirsky, Eugeny D"]
[Black "Pokhlebin, Sergej"]
[Result "0-1"]
[WhiteElo "1960"]
[BlackElo "2104"]
[PlyCount "88"]
[EventDate "2011.??.??"]

1. e4 e5 2. Bc4 Nf6 3. d3 Nc6 4. c3 Bc5 5. Nf3 O-O 6. O-O d5 7. exd5 Nxd5 8. b4
Be7 9. b5 Na5 10. Nxe5 Bf6 11. f4 Bf5 12. Qf3 Nb6 13. Rd1 Qc8 14. h3 Naxc4 15.
Nxc4 Qd7 16. a4 Rfe8 17. Nxb6 axb6 18. Bb2 c6 19. bxc6 bxc6 20. g4 Be6 21. Nd2
g6 22. Ne4 Bg7 23. Rd2 f5 24. gxf5 Bxf5 25. Nf2 Be6 26. Re2 Ra5 27. Kh2 Rf5 28.
d4 Ref8 29. Bc1 Bh6 30. Nd3 Rh5 31. Nf2 Rh4 32. Re4 Bd5 33. Qg3 Qd8 34. Re5
Bxf4 35. Bxf4 Rhxf4 36. Re2 Rf3 37. Rg1 Rxg3 38. Rxg3 Qd6 39. Re5 Rxf2+ 40. Kg1
Rf5 41. Rge3 Rxe5 42. Rxe5 Qf6 43. Re2 Qf3 44. Rd2 Qe3+ 0-1

[Event "ÎÏÅÍ-ÒÓÐÍÈÐ ÏÎÑÂßÙÅÍÍÛÉ 100-ËÅÒÈÞ È.Ë.ÈÒ"]
[Site "MOSCOW, Russia"]
[Date "2011.08.19"]
[Round "4"]
[White "Kuptsov, Anatoly"]
[Black "Grigoryeva, Olga A"]
[Result "0-1"]
[WhiteElo "1972"]
[BlackElo "2083"]
[PlyCount "66"]
[EventDate "2011.??.??"]

1. e4 c5 2. d4 cxd4 3. c3 dxc3 4. Nxc3 Nc6 5. Nf3 d6 6. h3 Nf6 7. Bc4 h6 8. a3
a6 9. Qe2 g6 10. O-O Bg7 11. Re1 Qc7 12. Be3 O-O 13. Rac1 Qa5 14. Nd5 Nxd5 15.
Bxd5 Bd7 16. Nd2 Ne5 17. f4 Bb5 18. Qf2 Nd3 19. Qg3 e6 20. Bc4 Nxc1 21. Rxc1
Rac8 22. f5 exf5 23. exf5 Bxc4 24. Nxc4 Qxf5 25. Rf1 Qe6 26. b3 d5 27. Nd2 Rc3
28. Rf3 Rxe3 29. Rxe3 Bd4 30. Nf1 Re8 31. Kf2 Qf5+ 32. Ke2 Bxe3 33. Nxe3 d4 0-1

[Event "ÎÏÅÍ-ÒÓÐÍÈÐ ÏÎÑÂßÙÅÍÍÛÉ 100-ËÅÒÈÞ È.Ë.ÈÒ"]
[Site "MOSCOW, Russia"]
[Date "2011.08.19"]
[Round "4"]
[White "Leite, Ernst"]
[Black "Guseinov, Djelal"]
[Result "0-1"]
[WhiteElo "1954"]
[BlackElo "2060"]
[PlyCount "76"]
[EventDate "2011.??.??"]

1. d4 Nf6 2. c4 e6 3. Nc3 Bb4 4. g3 O-O 5. Nf3 b6 6. Bg2 Bb7 7. O-O Ne4 8. Qd3
d5 9. cxd5 exd5 10. a3 Ba6 11. Qc2 Nxc3 12. axb4 Nxe2+ 13. Kh1 Nxc1 14. Rfxc1
Bb5 15. Qxc7 Qxc7 16. Rxc7 Na6 17. Re7 Rfe8 18. Rxe8+ Rxe8 19. Ne5 Nxb4 20. Bf3
a5 21. Rc1 f6 22. Ng4 Be2 23. Kg2 Bxf3+ 24. Kxf3 Kf7 25. Ne3 g6 26. g4 Ke6 27.
h4 Kd6 28. h5 Nc6 29. Rd1 Re4 30. hxg6 hxg6 31. Nc2 b5 32. b3 b4 33. Rd2 a4 34.
bxa4 b3 35. Na1 Na5 36. Nxb3 Nxb3 37. Rb2 Nxd4+ 38. Kg3 Nc6 0-1

[Event "ÎÏÅÍ-ÒÓÐÍÈÐ ÏÎÑÂßÙÅÍÍÛÉ 100-ËÅÒÈÞ È.Ë.ÈÒ"]
[Site "MOSCOW, Russia"]
[Date "2011.08.19"]
[Round "4"]
[White "Paster, Arkady M"]
[Black "Sarana, Alexey"]
[Result "1/2-1/2"]
[WhiteElo "2033"]
[BlackElo "1921"]
[PlyCount "47"]
[EventDate "2011.??.??"]

1. c4 Nf6 2. g3 g6 3. Bg2 Bg7 4. Nc3 O-O 5. d3 d6 6. Nf3 e5 7. O-O Ne8 8. d4
Nc6 9. dxe5 Nxe5 10. Nxe5 Bxe5 11. Bh6 Ng7 12. Qd2 f5 13. Rad1 Rb8 14. c5 Be6
15. f4 Bf6 16. Bxg7 Bxg7 17. cxd6 Kh8 18. e4 fxe4 19. Nxe4 cxd6 20. Qxd6 Bxa2
21. Qb4 Qb6+ 22. Qxb6 axb6 23. Rd7 Be6 24. Rd6 1/2-1/2